000 00628nam a2200181 a 4500
001 000032447
005 20240307180747.0
008 110718d1937 dr 000 0 spa d
040 _aDO-SdBNP
_bspa
_cBNPHU
082 _axxx
_bM141, 1937
100 1 _aPatín Maceo, Manuel A.,
_q (Manuel Antonio)
_d1892-1968
_936996
245 1 0 _aPrincipios de la ortología de la lengua castellana /
_cPatín Maceo ; prólogo Alcides García.
250 _a3a ed.
260 _aCiudad Trujillo, República Dominicana :
_bImprenta Montalvo,
_c1937.
300 _a30 p. ;
_c19 cm.
700 1 _aGarcía, Alcides,
_epról.
_954689
049 _aBNPD
999 _c31938
_d31938